000 01262nam2a22002531 4500
001 v19\rc\1216717
005 20250620054340.0
035 _a(NLR Aleph) 005195841
090 _a5259371
_c5259371
100 _a20060306d1874 |||y0rusy50 ca
101 0 _arus
102 _aRU
105 _ay z |||||
200 0 _a... на 1875 год
210 _d1874
_aБ. м.
215 _a59 с.
300 _aОписано по обл. На тит. л.: Общество земской Тамбово-Саратовской железной дороги
461 0 _1001v19\rc\1216715
_12001#$aСмета прихода и расхода по эксплоатации земской Тамбово-Саратовской железной дороги...$v... на 1875 год
_95259356
_aТамбово-Саратовская железная дорога
_cСанкт-Петербург
_d1873-1888
_tСмета прихода и расхода по эксплоатации земской Тамбово-Саратовской железной дороги...
_v... на 1875 год
801 0 _aRU
_bNLR
_c20060306
_gpsbo
801 1 _aRU
_bProSoft-M
_c20060306
_2rusmarc
801 2 _aRU
_bNLR
_c20110803
_2rusmarc
852 _aNLR
_j18.29.1.201
942 _cBOOK
980 _aNB